|
|
|
|
| LEADER |
01061nam a2200277 a 4500 |
| 001 |
1197358 |
| 008 |
120909s2000 maua b 001 0 eng d |
| 999 |
|
|
|c 12806
|d 12806
|
| 010 |
|
|
|a 98013415
|
| 020 |
|
|
|a 9780262082617
|
| 020 |
|
|
|a 9780262581882
|
| 020 |
|
|
|a 0262082616 (hc : alk. paper)
|
| 040 |
|
|
|a DLC
|c DLC
|d DLC
|d BD-DhAAL
|
| 082 |
0 |
0 |
|a 724/.6
|2 21
|
| 245 |
0 |
0 |
|a Architecture theory since 1968 /
|c edited by K. Michael Hays.
|
| 260 |
|
|
|a Cambridge, Mass :
|b The MIT Press,
|c 2000.
|
| 300 |
|
|
|a xv, 807 p. :
|b ill. ;
|c 28 cm.
|
| 500 |
|
|
|a "A Columbia book of architecture"--T.p. verso.
|
| 504 |
|
|
|a Includes bibliographical references and index.
|
| 526 |
|
|
|a ARC
|
| 541 |
|
|
|a 00025905
|
| 650 |
|
0 |
|a Architecture, Modern
|y 20th century
|x Philosophy.
|9 32480
|
| 700 |
1 |
|
|a Hays, K. Michael.
|9 32481
|
| 852 |
1 |
|
|a Ayesha Abed Library
|j General shelf
|
| 942 |
|
|
|2 ddc
|c BK
|
| 952 |
|
|
|0 0
|1 0
|4 0
|6 724_600000000000000_ARC
|7 0
|9 21079
|a BRACUL
|b BRACUL
|c GEN
|d 2012-09-09
|e Karim International
|g 4800.00
|l 2
|m 10
|o 724.6 ARC
|p 3010025905
|r 2025-11-19
|s 2018-02-14
|t 1
|w 2012-09-09
|y BK
|